[Event "Sparkassen-Open A"]
[Site "Heusenstamm, Martinsee"]
[Date "2017.11.26"]
[Round "6.20"]
[White "Merkel, Markus"]
[Black "Solonar, Stefan"]
[Result "1/2-1/2"]
[WhiteElo "2121"]
[BlackElo "2315"]
[PlyCount "71"]
[EventDate "2017.??.??"]
[WhiteTeam "SC Heitersheim"]
[BlackTeam "SC Heusenstamm"]

1. e4 d5 2. exd5 Qxd5 3. Nc3 Qd6 4. d4 c6 5. Nf3 Nf6 6. h3 Bf5 7. Nh4 Be6 8.
Be2 Nbd7 9. Be3 Nb6 10. Qd2 Nc4 11. Bxc4 Bxc4 12. O-O-O e6 13. Nf3 Qc7 14. Bf4
Qa5 15. a3 Bxa3 16. Nb1 Bb4 17. c3 Be7 18. Qc2 Qb5 19. Nbd2 Bd3 20. Qb3 Qa6 21.
Nb1 Be2 22. Rde1 Bxf3 23. gxf3 O-O-O 24. Rhg1 g6 25. Nd2 Nd5 26. Be5 Rhe8 27.
Kc2 Qb5 28. Qa2 a6 29. Kc1 Nb6 30. c4 Qa4 31. Qxa4 Nxa4 32. Ne4 f5 33. Nf6 Rh8
34. c5 Rdf8 35. Nd5 cxd5 36. Bxh8 1/2-1/2

[Event "Sparkassen-Open A"]
[Site "Heusenstamm, Martinsee"]
[Date "2017.11.26"]
[Round "6.21"]
[White "Boe, Mads"]
[Black "Engel, Berthold"]
[Result "1/2-1/2"]
[WhiteElo "2297"]
[BlackElo "2125"]
[PlyCount "127"]
[EventDate "2017.??.??"]
[WhiteTeam "SG Turm Kiel"]
[BlackTeam "BG Buchen"]

1. e4 e6 2. d4 d5 3. e5 b6 4. Nf3 Qd7 5. Be3 Ne7 6. c3 Ba6 7. Bxa6 Nxa6 8. Qe2
Nb8 9. O-O Nbc6 10. Nbd2 Nf5 11. Rac1 O-O-O 12. b4 Kb7 13. Nb3 a6 14. a3 h6 15.
Ne1 Na7 16. Nd3 Ra8 17. c4 dxc4 18. Rxc4 Be7 19. Rfc1 Rac8 20. Qb2 Ka8 21. Qc2
Kb8 22. Rd1 Nb5 23. Qb2 Qd5 24. Rc2 Rhd8 25. Nf4 Qxe5 26. Rcd2 Qe4 27. Rd3 Bf6
28. f3 Qb7 29. Bf2 Ne7 30. Nh5 Nd5 31. Ng3 Nf4 32. R3d2 Nd6 33. Qc2 Bg5 34. Rb1
Qd5 35. Ne4 Qc4 36. Qd1 Nb5 37. Rc1 Qd5 38. a4 Nd6 39. Nc3 Qb7 40. Rb1 Nd5 41.
Nxd5 Qxd5 42. Rc2 Nc4 43. Rc3 Nd6 44. Qf1 Ka7 45. Rb2 Be7 46. Rbc2 Ne8 47. b5
a5 48. Rc4 Bd6 49. Be1 Qg5 50. Qe2 Nf6 51. Bxa5 bxa5 52. Nxa5 Nd5 53. Rc6 Nb6
54. Nb3 Qd5 55. Qd3 Qf5 56. Qc3 Kb7 57. Na5+ Kb8 58. Nb3 Qd5 59. Qa5 Bf4 60.
Qa6 Be3+ 61. Kf1 Qxb3 62. Rxb6+ cxb6 63. Qxb6+ Ka8 64. Qa6+ 1/2-1/2

[Event "Sparkassen-Open A"]
[Site "Heusenstamm, Martinsee"]
[Date "2017.11.26"]
[Round "6.22"]
[White "Schmitzer, Klaus"]
[Black "Mährlein, Christoph"]
[Result "0-1"]
[WhiteElo "2242"]
[BlackElo "2035"]
[PlyCount "82"]
[EventDate "2017.??.??"]
[WhiteTeam "Bad Vilbeler Sfr"]
[BlackTeam "SC Pforzheim"]

1. e4 d5 2. exd5 Qxd5 3. Nc3 Qd6 4. d4 g6 5. Nb5 Qb6 6. Bf4 Na6 7. Qe2 Bg7 8.
O-O-O Bd7 9. Nf3 Nf6 10. Ne5 Be6 11. Nc4 Qc6 12. Na5 Qb6 13. Nc4 Qc6 14. c3 O-O
15. Nba3 Nd5 16. Bd2 Rab8 17. Na5 Qd7 18. Nb3 Nb6 19. Bf4 Nd5 20. Bd2 c6 21.
Nc4 b5 22. Ne5 Qc8 23. h4 c5 24. h5 c4 25. Na1 b4 26. hxg6 hxg6 27. Qxc4 bxc3
28. Bxc3 Nxc3 29. Qxc3 Nb4 30. Kd2 Bxe5 31. dxe5 Rd8+ 32. Ke1 Qxc3+ 33. bxc3
Nxa2 34. Rxd8+ Rxd8 35. Nc2 Nxc3 36. Ne3 a5 37. f3 a4 38. Kf2 Nd1+ 39. Nxd1
Rxd1 40. Rh4 a3 41. Be2 Rc1 0-1

[Event "Sparkassen-Open A"]
[Site "Heusenstamm, Martinsee"]
[Date "2017.11.26"]
[Round "6.23"]
[White "Held, Carsten"]
[Black "Osmanodja, Filiz"]
[Result "0-1"]
[WhiteElo "2070"]
[BlackElo "2242"]
[PlyCount "116"]
[EventDate "2017.??.??"]
[WhiteTeam "SC Ladja Roßdorf"]
[BlackTeam "USV TU Dresden"]

1. Nf3 c5 2. c4 Nc6 3. g3 g6 4. Bg2 Bg7 5. Nc3 e6 6. d3 Nge7 7. O-O O-O 8. Bg5
h6 9. Bd2 d5 10. Qc1 Kh7 11. Rb1 d4 12. Na4 b6 13. a3 a5 14. Qc2 Bd7 15. Ra1
Qc7 16. Rfb1 Ra6 17. Ne1 Qa7 18. b3 e5 19. Nb2 f5 20. Nd1 f4 21. Qc1 Qc7 22.
Nc2 fxg3 23. hxg3 Bg4 24. f3 Be6 25. Nf2 g5 26. b4 axb4 27. axb4 Rxa1 28. Rxa1
Nf5 29. Ne4 Nd6 30. bxc5 Nxe4 31. cxb6 Qxb6 32. fxe4 Bg4 33. Rb1 Qc7 34. Qe1
Qf7 35. Rb6 Qc7 36. Rb5 Ra8 37. Rb2 Qf7 38. Rb6 Qc7 39. Rb2 Qf7 40. Rb6 Ne7 41.
Rb1 Qe8 42. Rb2 Qh5 43. Bf1 Ng8 44. Bb4 Ra7 45. Qf2 Rf7 46. Qg2 Bd7 47. Bd6 Qg6
48. c5 Qe6 49. Nb4 Nf6 50. Nd5 Ng4 51. e3 dxe3 52. Re2 Rf2 53. Rxf2 exf2+ 54.
Kh1 Qf7 55. c6 Bxc6 56. Bc5 Bd7 57. Ne3 Nxe3 58. Bxe3 Qh5+ 0-1

[Event "Sparkassen-Open A"]
[Site "Heusenstamm, Martinsee"]
[Date "2017.11.26"]
[Round "6.24"]
[White "Berg, Klaus"]
[Black "Flach, Erich"]
[Result "1-0"]
[WhiteElo "2340"]
[BlackElo "2107"]
[PlyCount "117"]
[EventDate "2017.??.??"]
[WhiteTeam "SG Turm Kiel"]
[BlackTeam "SK Langen"]

1. d4 Nf6 2. Nf3 g6 3. Bg5 Bg7 4. Nbd2 d6 5. e4 O-O 6. c3 Nc6 7. Bc4 e5 8. dxe5
Nxe5 9. Nxe5 dxe5 10. O-O h6 11. Bh4 Qd6 12. Qc2 Be6 13. Rfd1 Qb6 14. Bxe6 Qxe6
15. f3 Rfe8 16. Qb3 Qc6 17. Bf2 Bf8 18. Qc4 Re6 19. Qxc6 Rxc6 20. Nb3 a5 21. a4
Be7 22. Be3 Kg7 23. Rd2 Bd6 24. Kf2 Nd7 25. Rd5 b6 26. Ke2 Rf8 27. g3 Re8 28.
Kf2 Nf6 29. Rd3 Rd8 30. Ke2 Re8 31. Nd2 Bc5 32. b3 Bxe3 33. Kxe3 Kf8 34. Nc4
Ng8 35. Rad1 f6 36. Rd7 Re7 37. Rd8+ Re8 38. R1d7 Rxd8 39. Rxd8+ Kf7 40. Kd3
Re6 41. Ne3 Re8 42. Rxe8 Kxe8 43. Kc4 c6 44. b4 Kd7 45. bxa5 bxa5 46. Kc5 Kc7
47. Nc4 f5 48. exf5 gxf5 49. Nxe5 Ne7 50. c4 Kb7 51. g4 Kc7 52. h4 fxg4 53.
fxg4 Nc8 54. Nxc6 Nb6 55. Kb5 Nd7 56. Nd4 Ne5 57. g5 h5 58. Ne6+ Kb7 59. Nf4
1-0

[Event "Sparkassen-Open A"]
[Site "Heusenstamm, Martinsee"]
[Date "2017.11.26"]
[Round "6.25"]
[White "Khanukov, Boris"]
[Black "Medvedovski, Michael"]
[Result "1-0"]
[WhiteElo "2289"]
[BlackElo "2048"]
[PlyCount "119"]
[EventDate "2017.??.??"]
[WhiteTeam "Bahn-SC Wuppertal"]
[BlackTeam "Frankfurter TV"]

1. Nf3 d5 2. g3 Bg4 3. Bg2 Nd7 4. c4 e6 5. Qa4 Bxf3 6. Bxf3 c6 7. cxd5 exd5 8.
O-O Nc5 9. Qc2 Nf6 10. d3 Be7 11. Bg2 O-O 12. h3 Re8 13. e3 Qd7 14. Nd2 Qf5 15.
e4 Qg6 16. b3 dxe4 17. dxe4 Bf8 18. Re1 Rad8 19. Re3 Nd5 20. Re2 Nb4 21. Qc4
Nbd3 22. Ba3 Qf6 23. Rf1 b5 24. Qc2 b4 25. Bc1 Ne6 26. Nf3 c5 27. Be3 Ne5 28.
Nxe5 Qxe5 29. Qc4 Nd4 30. Ree1 Qe6 31. Rc1 Qxc4 32. Rxc4 Ne2+ 33. Kh2 Nc3 34.
Ra1 h6 35. Bf3 Rc8 36. a3 Nb5 37. axb4 cxb4 38. Rxc8 Rxc8 39. Ra5 Nd6 40. e5
Nf5 41. Bxa7 Rc3 42. Bd5 Ne7 43. Bc4 Nc6 44. Ra2 Nxe5 45. Bd5 Rd3 46. Ra5 Nf3+
47. Bxf3 Rxf3 48. Be3 Rf6 49. Ra8 Rc6 50. Bd2 Rb6 51. Rc8 f6 52. Kg2 Kf7 53.
Rc4 Ke6 54. Kf1 Rb7 55. Ke2 Kd5 56. Be3 Bd6 57. Kd3 Rc7 58. Rd4+ Kc5 59. Rxd6+
Kxd6 60. Bf4+ 1-0

[Event "Sparkassen-Open A"]
[Site "Heusenstamm, Martinsee"]
[Date "2017.11.26"]
[Round "6.26"]
[White "Schröder, Jürgen"]
[Black "Kantane, Anna"]
[Result "0-1"]
[WhiteElo "2116"]
[BlackElo "2263"]
[PlyCount "62"]
[EventDate "2017.??.??"]
[WhiteTeam "SC Matt im Park"]
[BlackTeam "vereinslos"]

1. e4 d5 2. exd5 Qxd5 3. Nc3 Qd6 4. d4 g6 5. Nf3 Bg7 6. Be2 Nh6 7. O-O Nf5 8.
Ne4 Qb6 9. c3 O-O 10. Qc2 Nd7 11. Bf4 c5 12. g4 Nd6 13. Nxd6 exd6 14. dxc5 Nxc5
15. Rad1 Bxg4 16. Rxd6 Qc7 17. Rfd1 Rfe8 18. Nd4 Bxe2 19. Nxe2 Qe7 20. Ng3 b6
21. Be3 h5 22. Bxc5 bxc5 23. Rd7 Qg5 24. Qb3 Qf4 25. Qd5 Rab8 26. Rd3 Re5 27.
Qc6 h4 28. Rf3 Qg4 29. h3 Qxh3 30. Ne2 Rg5+ 31. Ng3 hxg3 0-1

[Event "Sparkassen-Open A"]
[Site "Heusenstamm, Martinsee"]
[Date "2017.11.26"]
[Round "6.27"]
[White "Köllner, Christof"]
[Black "Henrich, Thomas"]
[Result "0-1"]
[WhiteElo "2099"]
[BlackElo "2216"]
[PlyCount "102"]
[EventDate "2017.??.??"]
[WhiteTeam "SV Bergneustadt/Derschlag"]
[BlackTeam "SK Marburg"]

1. d4 d5 2. c4 e6 3. cxd5 exd5 4. Nc3 c6 5. Qc2 Nf6 6. Bg5 Nbd7 7. e3 h6 8. Bh4
Be7 9. Bd3 Nh5 10. Bxe7 Qxe7 11. Nge2 g6 12. O-O-O Ndf6 13. h3 Ng7 14. Kb1 Bf5
15. Ng3 Bxd3 16. Qxd3 O-O-O 17. Qc2 Ne6 18. Nge2 Ng5 19. Nc1 Nge4 20. Na4 Nd6
21. Rd3 Nc4 22. Ka1 Rhe8 23. Rhd1 Qe4 24. b3 Na3 25. Qb2 Nb5 26. f3 Qe7 27. Nc5
b6 28. Na4 Kb7 29. Nc3 Nd6 30. g4 Nh7 31. Qg2 Ng5 32. N1e2 Qf6 33. Nf4 Nc8 34.
h4 Nh7 35. h5 Ng5 36. Nce2 Re7 37. Rc3 gxh5 38. gxh5 Nd6 39. Ng3 Nb5 40. Rcd3
Rde8 41. a4 Nxd4 42. Nxd5 Nxb3+ 43. Ka2 cxd5 44. f4 Ne4 45. Rxb3 Rg8 46. a5
Rxg3 47. a6+ Kb8 48. Qc2 Rc7 49. Qd3 Rg2+ 50. Ka3 Qd6+ 51. Rb4 Rc3+ 0-1

[Event "Sparkassen-Open A"]
[Site "Heusenstamm, Martinsee"]
[Date "2017.11.26"]
[Round "6.28"]
[White "Dunsbach, Ralf"]
[Black "Sandten, Ulrich"]
[Result "1/2-1/2"]
[WhiteElo "2209"]
[BlackElo "2068"]
[PlyCount "86"]
[EventDate "2017.??.??"]
[WhiteTeam "SK Bad Homburg"]
[BlackTeam "VSG Offenbach"]

1. Nf3 d6 2. d4 Nf6 3. c4 Nbd7 4. g3 e5 5. Bg2 Be7 6. O-O O-O 7. b3 Re8 8. Bb2
e4 9. Ng5 Bf8 10. Nc3 e3 11. fxe3 Rxe3 12. Nge4 Qe7 13. Qc2 d5 14. Nxd5 Nxd5
15. cxd5 Nb6 16. Nc3 Qb4 17. Rad1 Bg4 18. a3 Qa5 19. Rd3 Rae8 20. Rxe3 Rxe3 21.
Qc1 Re7 22. e4 Nc8 23. Qf4 Bd7 24. e5 Be8 25. Ne4 Qb6 26. Nc5 Bb5 27. Rf2 Qg6
28. Be4 Qh5 29. g4 Qh3 30. a4 Be8 31. Qf5 b6 32. Ne6 g6 33. Qf4 Bh6 34. g5 fxe6
35. gxh6 Rf7 36. Qg3 Qxh6 37. dxe6 Rxf2 38. Qxf2 Qg5+ 39. Kf1 c6 40. Ba3 c5 41.
Qf6 Qe3 42. e7 Nxe7 43. Qxe7 Qf4+ 1/2-1/2

[Event "Sparkassen-Open A"]
[Site "Heusenstamm, Martinsee"]
[Date "2017.11.26"]
[Round "6.29"]
[White "Calvi, Stefan"]
[Black "Erdmann, Stefan"]
[Result "1/2-1/2"]
[WhiteElo "2092"]
[BlackElo "2194"]
[PlyCount "53"]
[EventDate "2017.??.??"]
[WhiteTeam "SF Frankfurt"]
[BlackTeam "SC Bad Soden"]

1. e4 c5 2. c3 Nf6 3. e5 Nd5 4. d4 cxd4 5. Nf3 e6 6. cxd4 d6 7. Bc4 Nc6 8. O-O
Be7 9. Qe2 O-O 10. Bd2 Bd7 11. Nc3 Nxc3 12. Bxc3 d5 13. Bd3 Qb6 14. a3 Rac8 15.
Rfe1 Na5 16. Bxa5 Qxa5 17. Rad1 Ba4 18. Rc1 Rc7 19. Rxc7 Qxc7 20. h4 Rc8 21. g3
Qb6 22. Kg2 a6 23. Rh1 g6 24. Qd2 h5 25. Bb1 Rc4 26. Bd3 Rc8 27. Bb1 1/2-1/2

[Event "Sparkassen-Open A"]
[Site "Heusenstamm, Martinsee"]
[Date "2017.11.26"]
[Round "6.30"]
[White "Meessen, Max"]
[Black "Von Auer, Ulrich"]
[Result "1-0"]
[WhiteElo "2193"]
[BlackElo "2055"]
[PlyCount "91"]
[EventDate "2017.??.??"]
[WhiteTeam "SK Oldenburg"]
[BlackTeam "SF Frankfurt"]

1. d4 Nf6 2. c4 g6 3. f3 d5 4. cxd5 Nxd5 5. e4 Nb6 6. Nc3 Bg7 7. Be3 O-O 8. Qd2
Nc6 9. O-O-O f5 10. e5 Nb4 11. Nh3 N4d5 12. Nxd5 Qxd5 13. Kb1 Rd8 14. Nf4 Qf7
15. Qc1 Be6 16. Nxe6 Qxe6 17. Be2 c6 18. h4 Nd5 19. h5 b5 20. hxg6 hxg6 21. Bh6
Nb4 22. b3 a5 23. Bxg7 Kxg7 24. Qh6+ Kf7 25. Qh7+ Ke8 26. Rh6 Qf7 27. Qxg6 Qxg6
28. Rxg6 Kf7 29. Rh6 Rh8 30. Rxh8 Rxh8 31. Rc1 Rh2 32. a3 Nd5 33. Rxc6 Rxg2 34.
Bxb5 Rd2 35. Bc4 Rxd4 36. Rc5 e6 37. Rxa5 Kg6 38. Ra6 Kg5 39. Rxe6 Rd1+ 40. Kc2
Ne3+ 41. Kc3 Kf4 42. a4 Kxf3 43. a5 Ke4 44. Re8 f4 45. e6 Ra1 46. e7 1-0

[Event "Sparkassen-Open A"]
[Site "Heusenstamm, Martinsee"]
[Date "2017.11.26"]
[Round "6.31"]
[White "Hess, Steffen"]
[Black "Wolf, Ulrich Martin"]
[Result "0-1"]
[WhiteElo "2027"]
[BlackElo "2189"]
[PlyCount "64"]
[EventDate "2017.??.??"]
[WhiteTeam "SC Groß-Zimmern"]
[BlackTeam "SC Hansa Dortmund"]

1. d4 f5 2. g3 Nf6 3. Bg2 g6 4. c3 Bg7 5. Nd2 d5 6. Nh3 O-O 7. Nf4 c5 8. Nf3
Nc6 9. h4 Ne4 10. dxc5 e6 11. h5 g5 12. h6 Bh8 13. Nd3 Bf6 14. Nd2 Qe7 15. Nxe4
dxe4 16. Nb4 Rd8 17. Qa4 Qxc5 18. O-O Qc4 19. Re1 Bd7 20. Qb3 Qxb3 21. axb3
Nxb4 22. cxb4 Bc6 23. g4 f4 24. e3 f3 25. Bf1 Kf7 26. b5 Bd5 27. Bd2 Bxb2 28.
Rab1 Be5 29. Bb4 Rac8 30. Red1 Kg6 31. Rd2 Kxh6 32. Bc4 Bf6 0-1

[Event "Sparkassen-Open A"]
[Site "Heusenstamm, Martinsee"]
[Date "2017.11.26"]
[Round "6.32"]
[White "Sobolevsky, Leonid"]
[Black "Petiko, Nikolai"]
[Result "1/2-1/2"]
[WhiteElo "2185"]
[BlackElo "2064"]
[PlyCount "20"]
[EventDate "2017.??.??"]
[WhiteTeam "vereinslos"]
[BlackTeam "SV Breitenworbis"]

1. e4 d6 2. d4 Nf6 3. Nc3 c6 4. f4 Qa5 5. Bd3 e5 6. Nf3 exd4 7. Nxd4 Qb6 8. Be2
Be7 9. O-O O-O 10. Kh1 Rd8 1/2-1/2

[Event "Sparkassen-Open A"]
[Site "Heusenstamm, Martinsee"]
[Date "2017.11.26"]
[Round "6.33"]
[White "Eichner, Christian"]
[Black "Chandler, Patrick"]
[Result "0-1"]
[WhiteElo "2064"]
[BlackElo "2185"]
[PlyCount "100"]
[EventDate "2017.??.??"]
[WhiteTeam "SV TuR Dresden"]
[BlackTeam "SC Nied"]

1. e4 d5 2. exd5 Qxd5 3. Nc3 Qd6 4. d4 c6 5. Bc4 Nf6 6. Nge2 Bf5 7. Bf4 Qd8 8.
Ng3 Bg6 9. h4 h6 10. h5 Bh7 11. O-O e6 12. a3 Be7 13. Re1 Nbd7 14. Qe2 O-O 15.
Rad1 Nb6 16. Bb3 Nbd5 17. Nxd5 cxd5 18. Qb5 b6 19. Re3 a6 20. Qe2 b5 21. Rc3
Rc8 22. Rxc8 Qxc8 23. Qe5 Nd7 24. Qc7 Qxc7 25. Bxc7 Rc8 26. Ba5 Bd6 27. Nf1 Nf6
28. Ne3 Nxh5 29. a4 Nf6 30. axb5 axb5 31. Be1 Ra8 32. Kf1 Kf8 33. Ke2 Nd7 34.
g4 Nb6 35. f3 Ke7 36. Bh4+ f6 37. Rf1 Bg6 38. f4 Be4 39. g5 hxg5 40. fxg5 f5
41. g6+ Kd7 42. Bg5 Rh8 43. Bf4 Bxf4 44. Rxf4 Rh6 45. Rf1 Rxg6 46. Ra1 f4 47.
Ra7+ Kd6 48. Nd1 Rg2+ 49. Nf2 Nc4 50. Kf1 Ne3+ 0-1

[Event "Sparkassen-Open A"]
[Site "Heusenstamm, Martinsee"]
[Date "2017.11.26"]
[Round "6.34"]
[White "Hebbering, Tom Elliot"]
[Black "Schulze, Lara"]
[Result "0-1"]
[WhiteElo "2184"]
[BlackElo "1988"]
[PlyCount "58"]
[EventDate "2017.??.??"]
[WhiteTeam "SK Gernsheim"]
[BlackTeam "SK Lehrte"]

1. d4 Nf6 2. c4 e6 3. g3 c5 4. d5 exd5 5. cxd5 d6 6. Nc3 g6 7. Bg2 Bg7 8. Nf3
O-O 9. O-O Re8 10. Bf4 a6 11. a4 Nh5 12. Bg5 Qc7 13. Re1 Nd7 14. e4 Rb8 15. Rc1
h6 16. Be3 Nhf6 17. Qd2 Ng4 18. h3 Nxe3 19. Rxe3 Ne5 20. Nxe5 Bxe5 21. Ne2 Qb6
22. Rb1 a5 23. b3 Bd7 24. Rc1 Qb4 25. Qxb4 axb4 26. f4 Bg7 27. Kf2 Rbc8 28. a5
Bb5 29. Rc2 Bd4 0-1

[Event "Sparkassen-Open A"]
[Site "Heusenstamm, Martinsee"]
[Date "2017.11.26"]
[Round "6.35"]
[White "Schlößner, Henrik"]
[Black "Berghof, Axel"]
[Result "1/2-1/2"]
[WhiteElo "2059"]
[BlackElo "2173"]
[PlyCount "117"]
[EventDate "2017.??.??"]
[WhiteTeam "SK Gründau"]
[BlackTeam "SC Suhl"]

1. e4 c6 2. d4 d5 3. e5 c5 4. c3 Nc6 5. Be3 g6 6. Bb5 Bg7 7. Nd2 Bd7 8. Ngf3
Nxe5 9. Bxd7+ Nxd7 10. dxc5 Qc7 11. Qa4 Ngf6 12. Rc1 O-O 13. b4 e5 14. O-O h6
15. h3 a6 16. Qc2 Rfd8 17. Rfd1 Nf8 18. Nb3 Ne6 19. Re1 Nh5 20. Rcd1 Kh7 21. g3
Rd7 22. Nh4 Nf6 23. Bc1 Ng8 24. Kh2 Ne7 25. Ng2 Ng5 26. Bxg5 hxg5 27. h4 g4 28.
Rh1 f5 29. h5 g5 30. Ne3 e4 31. Nd4 Qe5 32. Kg2 Rf8 33. a4 Nc6 34. b5 Nxd4 35.
cxd4 Qe6 36. Qe2 Rf6 37. h6 Bh8 38. Rd2 f4 39. Qxg4 fxe3 40. Qxe6 Rxe6 41. fxe3
Rf7 42. Rc1 axb5 43. axb5 Kxh6 44. Ra2 Bf6 45. Ra7 Bd8 46. c6 Ree7 47. Ra8 Bb6
48. Rg8 Rg7 49. Rf8 Rc7 50. Rf5 bxc6 51. bxc6 Rg6 52. Rxd5 Rgxc6 53. Rb1 Rc2+
54. Kh3 R7c6 55. Kg4 Kg6 56. Rxg5+ Kf7 57. Rf5+ Ke7 58. Re5+ Kd7 59. Rxe4
1/2-1/2

[Event "Sparkassen-Open A"]
[Site "Heusenstamm, Martinsee"]
[Date "2017.11.26"]
[Round "6.36"]
[White "Gülsen, Taylan"]
[Black "Pfeffer, Marko"]
[Result "1/2-1/2"]
[WhiteElo "2171"]
[BlackElo "2039"]
[PlyCount "32"]
[EventDate "2017.??.??"]
[WhiteTeam "SG Niederkassel"]
[BlackTeam "SC Bergen-Enkheim"]

1. d4 d6 2. Nf3 f5 3. g3 Nf6 4. Bg2 e6 5. c4 Be7 6. Nc3 O-O 7. O-O Ne4 8. Qc2
Nxc3 9. bxc3 Nc6 10. Rb1 e5 11. c5 e4 12. cxd6 cxd6 13. Nd2 d5 14. e3 b6 15.
Qa4 Na5 16. Ba3 Ba6 1/2-1/2

[Event "Sparkassen-Open A"]
[Site "Heusenstamm, Martinsee"]
[Date "2017.11.26"]
[Round "6.37"]
[White "Hentzgen, Thomas"]
[Black "Liard, Thibaud"]
[Result "0-1"]
[WhiteElo "2037"]
[BlackElo "2169"]
[PlyCount "104"]
[EventDate "2017.??.??"]
[WhiteTeam "USV Halle"]
[BlackTeam "SG Porz"]

1. e4 c5 2. Nc3 Nc6 3. g3 g6 4. Bg2 Bg7 5. d3 d6 6. Be3 Nd4 7. Qd2 Rb8 8. Nd1
Nf6 9. c3 Nc6 10. Bh6 O-O 11. h4 Bxh6 12. Qxh6 Ne5 13. Qd2 c4 14. dxc4 Nxc4 15.
Qd4 Ne5 16. Nf3 Nc6 17. Qe3 d5 18. e5 Ng4 19. Qf4 f6 20. exf6 Rxf6 21. Qd2 e5
22. O-O e4 23. Nd4 Nge5 24. Ne3 Bh3 25. Bxh3 Nxd4 26. Kh1 Nef3 27. Qd1 Nf5 28.
Qxd5+ Qxd5 29. Nxd5 Rd6 30. Bxf5 gxf5 31. Ne7+ Kf7 32. Nxf5 Rd2 33. Nd4 Nxd4
34. cxd4 Ke6 35. Rad1 Rxb2 36. d5+ Kd6 37. a4 Rf8 38. Kg1 b6 39. Rb1 Ra2 40.
Ra1 Rfxf2 41. Rxa2 Rxa2 42. Rf7 e3 43. Kf1 Rf2+ 44. Rxf2 exf2 45. Kxf2 Kxd5 46.
g4 Ke5 47. Kg3 a6 48. h5 b5 49. axb5 axb5 50. g5 b4 51. g6 hxg6 52. hxg6 Kf6
0-1

[Event "Sparkassen-Open A"]
[Site "Heusenstamm, Martinsee"]
[Date "2017.11.26"]
[Round "6.38"]
[White "Heinemann, Ernst"]
[Black "Schweizer, Manfred"]
[Result "1-0"]
[WhiteElo "2157"]
[BlackElo "2032"]
[PlyCount "141"]
[EventDate "2017.??.??"]
[WhiteTeam "SK Oldenburg"]
[BlackTeam "Post-SV Memmingen"]

1. e4 d6 2. d4 Nf6 3. Nc3 g6 4. Be3 c6 5. f3 b5 6. Qd2 Nbd7 7. a4 b4 8. Nd1 a5
9. Nh3 Bg7 10. Nhf2 Qc7 11. c3 c5 12. Bb5 O-O 13. O-O e5 14. Rc1 bxc3 15. bxc3
c4 16. Bh6 Ba6 17. Bxg7 Kxg7 18. Rb1 Rfb8 19. Ne3 Bxb5 20. Rxb5 Rxb5 21. axb5
a4 22. Nfg4 Nxg4 23. fxg4 f6 24. Nd5 Qa7 25. g5 Rf8 26. b6 Qb8 27. gxf6+ Nxf6
28. Nxf6 Rxf6 29. Rxf6 Kxf6 30. dxe5+ dxe5 31. Qf2+ Ke6 32. Qc5 Kd7 33. Qb5+
Ke7 34. b7 a3 35. Qb4+ Kd7 36. Qa4+ Kc7 37. Qxa3 Kxb7 38. Qb4+ Ka8 39. Qxc4
Qb6+ 40. Kf1 Qf6+ 41. Ke2 Qg5 42. Qg8+ Kb7 43. Qxh7+ Kc6 44. Qh3 Kb5 45. Kd3
Qf6 46. Qf3 Qa6 47. Qd1 Kc6+ 48. Ke3 Qa7+ 49. Ke2 Qa2+ 50. Qd2 Qc4+ 51. Kf3
Qf1+ 52. Kg3 Qf6 53. h3 Kb5 54. Qd3+ Kc6 55. Qf3 Qg5+ 56. Kh2 Kc5 57. Qg3 Qf6
58. Qf3 Qg5 59. g4 Kc4 60. Kg3 Qd2 61. h4 Qe1+ 62. Kh3 Qd2 63. h5 gxh5 64. gxh5
Qg5 65. Kh2 Qd2+ 66. Kg3 Qg5+ 67. Kf2 Qh4+ 68. Ke2 Qh2+ 69. Ke1 Qh4+ 70. Kd1
Qg5 71. Kc2 1-0

[Event "Sparkassen-Open A"]
[Site "Heusenstamm, Martinsee"]
[Date "2017.11.26"]
[Round "6.39"]
[White "Perske, Paul"]
[Black "Stork, Oliver"]
[Result "0-1"]
[WhiteElo "1968"]
[BlackElo "2156"]
[PlyCount "50"]
[EventDate "2017.??.??"]
[WhiteTeam "Vorw.Orient Mainz"]
[BlackTeam "SV Oberursel"]

1. e4 c6 2. c4 d5 3. exd5 cxd5 4. cxd5 Nf6 5. Nc3 Nxd5 6. Nf3 Nc6 7. d4 e6 8.
Bd3 Be7 9. O-O O-O 10. Qe2 Nxc3 11. bxc3 g6 12. Bh6 Re8 13. Qe3 b6 14. Rfe1 Bb7
15. Ng5 e5 16. Bc4 Bxg5 17. Bxg5 Qd6 18. Rad1 exd4 19. Qxe8+ Rxe8 20. Rxe8+ Kg7
21. cxd4 Nxd4 22. Rd8 Qc6 23. Bf1 Nf3+ 24. gxf3 Qxf3 25. R1d3 Qh1# 0-1

[Event "Sparkassen-Open A"]
[Site "Heusenstamm, Martinsee"]
[Date "2017.11.26"]
[Round "6.40"]
[White "Dietze, Frank"]
[Black "Küpper, Martin"]
[Result "1-0"]
[WhiteElo "2154"]
[BlackElo "2031"]
[PlyCount "86"]
[EventDate "2017.??.??"]
[WhiteTeam "vereinslos"]
[BlackTeam "SC Fulda"]

1. d4 Nf6 2. c4 g6 3. Nc3 d5 4. cxd5 Nxd5 5. e4 Nxc3 6. bxc3 Bg7 7. Be3 c5 8.
Qa4+ Nc6 9. Bb5 O-O 10. Ne2 Na5 11. Rd1 a6 12. Bd3 Bd7 13. Qa3 cxd4 14. cxd4
Rc8 15. Rc1 Nc6 16. O-O Qa5 17. Qb3 Rfd8 18. Rb1 b5 19. Rfd1 Be8 20. d5 Ne5 21.
Bd4 Nc4 22. Rbc1 e6 23. Bxg7 Kxg7 24. dxe6 fxe6 25. Nf4 Bf7 26. Bxc4 Rxc4 27.
Qb2+ Kg8 28. Qf6 Rxc1 29. Rxc1 Qd2 30. Rf1 Qd4 31. e5 Qb6 32. h4 Rd2 33. a3 Qd8
34. Rc1 Qxf6 35. exf6 e5 36. Rc8+ Be8 37. Rxe8+ Kf7 38. Rxe5 Kxf6 39. Re6+ Kf5
40. g3 Ra2 41. Rxa6 Kg4 42. Kg2 b4 43. Ra5 h6 1-0

[Event "Sparkassen-Open A"]
[Site "Heusenstamm, Martinsee"]
[Date "2017.11.26"]
[Round "6.41"]
[White "Held, Maurice"]
[Black "Hoppe, Thilo"]
[Result "1/2-1/2"]
[WhiteElo "1870"]
[BlackElo "2128"]
[PlyCount "62"]
[EventDate "2017.??.??"]
[WhiteTeam "SC Ladja Roßdorf"]
[BlackTeam "SC Bonn Beuel"]

1. c4 Nf6 2. g3 c6 3. Nf3 d5 4. b3 g6 5. Bb2 Bg7 6. Bg2 O-O 7. O-O a5 8. d3
Nbd7 9. Nbd2 a4 10. b4 a3 11. Bc3 Re8 12. Qb3 e5 13. Nb1 d4 14. Bd2 Nb6 15.
Nxa3 e4 16. Ng5 exd3 17. exd3 h6 18. Ne4 Nxe4 19. Bxe4 Be6 20. Rfe1 Na4 21. Nb1
Qd7 22. a3 b5 23. Ra2 Rab8 24. Rc2 Nb6 25. Bf4 Rbc8 26. Rec1 Kh8 27. Bf3 g5 28.
Bd2 f5 29. Be1 Qf7 30. Nd2 f4 31. Be4 fxg3 1/2-1/2

[Event "Sparkassen-Open A"]
[Site "Heusenstamm, Martinsee"]
[Date "2017.11.26"]
[Round "6.42"]
[White "Bethke, Richard"]
[Black "Syed, Tareq"]
[Result "1/2-1/2"]
[WhiteElo "2134"]
[BlackElo "2023"]
[PlyCount "34"]
[EventDate "2017.??.??"]
[WhiteTeam "SF Neuberg"]
[BlackTeam "SC Brett vorm Kopp"]

1. e4 d6 2. d4 Nf6 3. Nc3 e5 4. dxe5 dxe5 5. Qxd8+ Kxd8 6. Nf3 Bd6 7. Bc4 Ke8
8. Bg5 Nbd7 9. O-O-O h6 10. Bh4 a6 11. a3 Kf8 12. h3 g6 13. Rhe1 Kg7 14. Bg3
Re8 15. Nd5 b5 16. Nxf6 Nxf6 17. Bd3 Bb7 1/2-1/2

[Event "Sparkassen-Open A"]
[Site "Heusenstamm, Martinsee"]
[Date "2017.11.26"]
[Round "6.43"]
[White "Adocchio, Giampiero"]
[Black "Zimmer, Gerald"]
[Result "1-0"]
[WhiteElo "2133"]
[BlackElo "1982"]
[PlyCount "77"]
[EventDate "2017.??.??"]
[WhiteTeam "Mosbacher SC"]
[BlackTeam "SC Bergen-Enkheim"]

1. e4 e6 2. d4 d5 3. Nc3 Bb4 4. e5 Qd7 5. Qg4 f5 6. Qg3 c5 7. a3 Bxc3+ 8. bxc3
c4 9. a4 b6 10. Nh3 Nc6 11. Nf4 Qf7 12. Be2 Nge7 13. h4 Bd7 14. h5 Rg8 15. h6
O-O-O 16. hxg7 Rxg7 17. Qf3 Rdg8 18. g3 Rh8 19. Nh5 Rg6 20. Rh2 Ng8 21. Qh1
Nce7 22. Nf4 Rg7 23. Ba3 Bc6 24. Bh5 Ng6 25. Bxg6 Rxg6 26. Nxg6 Qxg6 27. a5 f4
28. Qf3 Nh6 29. axb6 axb6 30. Qxf4 Qxc2 31. Qd2 Qxd2+ 32. Kxd2 Ng4 33. Rg2 Kb7
34. f3 Nh6 35. Rh2 Nf7 36. Be7 h6 37. Ke3 Ra8 38. Rxa8 Kxa8 39. Bf8 1-0